000 00553nam a22001817a 4500
005 20231114154349.0
010 _aENG-133634
020 _c150.00
035 _aEN-117166
037 _bDBAD/PUB
082 _a881
100 _aRaghavan, P.
_958635
245 _aNomad:
_bNotable Notes (Poetic) of A/
_cBy P. Raghavan
260 _aChennai
_bR. Lakshmi Publishers
270 _a91, Ist Avenue, Ashok Nagar
_bChennai
_e600083
_mp_raghavan@rediffmail.com
_k91-44-23712080
300 _a123p.
_c20.8cm(pbk)
942 _2ddc
_cEN
_h881
_mRAG
999 _c190097
_d190097